Modern Models of Radio Broadcasting as an Example of the Formatting of Emission Panels

Historické pozadie rozhlasového vysielania zameraného na reklamu a marketing. Moderné vedecké definície portfólia niekoľkých rozhlasových staníc s rôznymi cieľovými skupinami.

Enregistré dans:
Détails bibliographiques
Auteur principal: Kinal, Jarosław
Format: Chapitre de livre
Langue:anglais
Sujets:
Tags: Ajouter un tag
Pas de tags, Soyez le premier à ajouter un tag!

MARC

LEADER 00000nla a2200000 4500
001 0243660
005 20220803161823.7
041 0 |a eng 
044 |a MK 
245 1 0 |a Modern Models of Radio Broadcasting as an Example of the Formatting of Emission Panels  |c Jarosław Kinal 
520 |a Historické pozadie rozhlasového vysielania zameraného na reklamu a marketing. Moderné vedecké definície portfólia niekoľkých rozhlasových staníc s rôznymi cieľovými skupinami. 
610 2 0 |a rozhlas 
610 2 0 |a rádiotechnika 
610 2 0 |a informácie 
610 2 0 |a reklama 
610 2 0 |a marketing elektronický 
610 2 0 |a médiá 
610 2 0 |a história 
100 1 |a Kinal, Jarosław